Guess the Football Player from the Hint - Statistics

General Stats
  • This quiz has been taken 56 times
  • The average score is 11 of 15
Answer Stats
Hint Answer % Correct
He has scored the most goals ever Cristiano Ronaldo
100%
The GOAT Lionel Messi
100%
He scored a hat-trick in the world cup final Kylian Mbappe
92%
He scored a goal named the 'Hand of God' Diego Maradona
88%
He is the only goalkeeper ever to win the Ballon d'Or Lev Yashin
88%
He is the only player to ever win 3 world cups Pelé
88%
He received 22 red cards over 16 years at Real Madrid Sergio Ramos
86%
He was the last defender to win the Ballon d'Or Fabiano Cannavaro
80%
He has bitten 3 different players in separate professional football games Luis Suarez
80%
He scored a bicycle kick in the champions league final Gareth Bale
78%
He became president of his country 23 years after winning the Ballon d'Or George Weah
71%
He has scored in every minute of a football match Zlatan Ibrahimovic
65%
He was kneed in the back, 2cm away from paralysing him Neymar
57%
He made his premier league debut at 15 years 181 days old Ethan Nwaneri
29%
He is the greatest midfielder of all time Kevin de Bruyne
24%
No matching quizzes found
Score Distribution
Percent of People with Each Score
Percentile by Number Answered
Your Score History
You have not taken this quiz